中国声母w开头的城市(城市点位地图版) - Statistics

General Stats
  • This quiz has been taken 11 times
  • The average score is 27 of 33
Answers on the Map
Answers color-coded by a green-red scale on the quiz's map according to % correct below.
 
Answer Stats
省级行政区 城市 % Correct
江苏省 无锡市
100%
浙江省 温州市
100%
安徽省 芜湖市
100%
湖北省 武汉市
100%
海南省 文昌市
100%
海南省 万宁市
100%
甘肃省 武威市
100%
内蒙古自治区 乌海市
90%
黑龙江省 五大连池市
90%
浙江省 温岭市
90%
山东省 威海市
90%
广西壮族自治区 梧州市
90%
海南省 五指山市
90%
云南省 文山市
90%
宁夏回族自治区 吴忠市
90%
新疆维吾尔自治区 乌鲁木齐市
90%
内蒙古自治区 乌兰察布市
80%
内蒙古自治区 乌兰浩特市
80%
辽宁省 瓦房店市
80%
安徽省 无为市
80%
福建省 武夷山市
80%
山东省 潍坊市
80%
陕西省 渭南市
80%
新疆维吾尔自治区 五家渠市
80%
湖南省 武冈市
70%
广东省 吴川市
70%
河南省 舞钢市
60%
湖北省 武穴市
60%
四川省 万源市
60%
河北省 武安市
50%
黑龙江省 五常市
50%
河南省 卫辉市
40%
新疆维吾尔自治区 乌苏市
40%
No matching quizzes found
Score Distribution
Percent of People with Each Score
Percentile by Number Answered
Your Score History
You have not taken this quiz